[Event "Liga Vasca 2009 - 1D"]
[Site "País Vasco ESP"]
[Date "2009.02.28"]
[Round "7.31"]
[White "Hernandez, Elvis"]
[Black "Navarrete Delgado, Sergio"]
[Result "0-1"]
[WhiteElo "2288"]
[BlackElo "2217"]
[PlyCount "122"]
[EventDate "2009.01.10"]
[EventType "team"]
[EventRounds "9"]
[EventCountry "ESP"]
[Source "lmi"]
[SourceDate "2009.01.10"]
[WhiteTeam "España"]
[BlackTeam "España"]
[WhiteTeamCountry "ESP"]
[BlackTeamCountry "ESP"]

1. e4 d5 2. exd5 Nf6 3. Nf3 Bg4 4. h3 Bxf3 5. Qxf3 Qxd5 6. Qxd5 Nxd5 7. Nc3 Nb4
8. Bb5+ Nd7 9. Ba4 e6 10. a3 Nd5 11. Nxd5 exd5 12. d4 O-O-O 13. c3 Bd6 14. O-O
c6 15. Bc2 g6 16. Re1 Rde8 17. Bd2 Kd8 18. a4 Rxe1+ 19. Rxe1 Re8 20. Bg5+ f6
21. Rxe8+ Kxe8 22. Be3 Kf7 23. Kf1 Nf8 24. Ke2 Ne6 25. b3 f5 26. h4 Kf6 27. Kf3
Kf7 28. g3 Kf6 29. Bd3 a6 30. Bf1 h5 31. Bg2 Bc7 32. Bd2 Kf7 33. Ke2 f4 34. Be1
fxg3 35. fxg3 g5 36. hxg5 Nxg5 37. c4 Ke6 38. cxd5+ cxd5 39. Ke3 Bd6 40. Bf1
Ne4 41. Bh3+ Ke7 42. Bc8 Bxg3 43. Bxg3 Nxg3 44. Bxb7 Kd6 45. Bxa6 Nf5+ 46. Kd2
Nxd4 47. Kc3 Nc6 48. Bf1 Kc5 49. Bg2 h4 50. Bh3 d4+ 51. Kd3 Ne5+ 52. Kd2 Kb4
53. Be6 Ng6 54. Ke1 Nf4 55. Bf5 h3 56. Kf2 h2 57. Be4 d3 58. Ke1 Kc3 59. Kd1 d2
60. a5 Nd3 61. Ke2 d1=Q+ 0-1

[Event "Liga Vasca 2009 - 1D"]
[Site "País Vasco ESP"]
[Date "2009.02.28"]
[Round "7.32"]
[White "Jimenez Martin, Gustavo"]
[Black "Sanz Perez, Eduardo"]
[Result "1/2-1/2"]
[WhiteElo "2175"]
[BlackElo "2177"]
[PlyCount "76"]
[EventDate "2009.01.10"]
[EventType "team"]
[EventRounds "9"]
[EventCountry "ESP"]
[Source "lmi"]
[SourceDate "2009.01.10"]
[WhiteTeam "España"]
[BlackTeam "España"]
[WhiteTeamCountry "ESP"]
[BlackTeamCountry "ESP"]

1. d4 e6 2. f4 c5 3. e3 b6 4. Nf3 Nf6 5. Bd3 Ba6 6. O-O Bxd3 7. Qxd3 Nc6 8. c3
Be7 9. Nbd2 Qc7 10. Ne4 Nxe4 11. Qxe4 O-O 12. Bd2 d5 13. Qd3 h6 14. Be1 c4 15.
Qe2 b5 16. e4 b4 17. e5 Rab8 18. g4 a5 19. f5 a4 20. cxb4 Nxb4 21. Bc3 Nd3 22.
Ne1 a3 23. bxa3 Bxa3 24. Nxd3 cxd3 25. Qxd3 Rfc8 26. Rf3 Bb2 27. Bxb2 Rxb2 28.
Rf2 Qb6 29. Rd1 Ra8 30. Rdd2 Raxa2 31. Rxb2 Rxb2 32. Rxb2 Qxb2 33. fxe6 fxe6
34. h3 Qc1+ 35. Kg2 Qf4 36. Qg6 Qd2+ 37. Kg3 Qe1+ 38. Kg2 Qd2+ 1/2-1/2

[Event "Liga Vasca 2009 - 1D"]
[Site "País Vasco ESP"]
[Date "2009.02.28"]
[Round "7.33"]
[White "Lakunza Oyarbide, Juan Carlos"]
[Black "Mombiela Martinez, Gonzalo"]
[Result "0-1"]
[WhiteElo "2122"]
[BlackElo "2081"]
[PlyCount "58"]
[EventDate "2009.01.10"]
[EventType "team"]
[EventRounds "9"]
[EventCountry "ESP"]
[Source "lmi"]
[SourceDate "2009.01.10"]
[WhiteTeam "España"]
[BlackTeam "España"]
[WhiteTeamCountry "ESP"]
[BlackTeamCountry "ESP"]

1. d4 d5 2. c4 e6 3. Nf3 c6 4. g3 f5 5. Bg2 Nf6 6. O-O Bd6 7. b3 Qe7 8. Bb2 O-O
9. Nbd2 Nbd7 10. Qc2 Ne4 11. Ne5 Nxe5 12. dxe5 Bc5 13. Rac1 Bb6 14. Nxe4 fxe4
15. c5 Bc7 16. f4 exf3 17. Rxf3 Bd7 18. Rxf8+ Rxf8 19. e4 Qg5 20. Qc3 b6 21. b4
Bc8 22. Bf3 bxc5 23. bxc5 Bxe5 24. Qxe5 Qe3+ 25. Kg2 Qxf3+ 26. Kg1 Qf2+ 27. Kh1
Qf6 28. Kg2 Ba6 29. h4 Bf1+ 0-1

[Event "Liga Vasca 2009 - 1D"]
[Site "País Vasco ESP"]
[Date "2009.02.28"]
[Round "7.34"]
[White "Monje Peinado, Roberto"]
[Black "Tung, Kai Ming"]
[Result "1/2-1/2"]
[WhiteElo "2020"]
[BlackElo "1936"]
[PlyCount "110"]
[EventDate "2009.01.10"]
[EventType "team"]
[EventRounds "9"]
[EventCountry "ESP"]
[Source "lmi"]
[SourceDate "2009.01.10"]
[WhiteTeam "España"]
[BlackTeam "España"]
[WhiteTeamCountry "ESP"]
[BlackTeamCountry "ESP"]

1. d4 e6 2. c4 b6 3. a3 Bb7 4. Nc3 Nf6 5. Nf3 Be7 6. e3 d6 7. Be2 Nbd7 8. O-O
O-O 9. Qc2 Re8 10. e4 e5 11. dxe5 Nxe5 12. Nxe5 dxe5 13. Be3 c6 14. Rfd1 Qc7
15. Rd2 Rad8 16. Rad1 Rxd2 17. Rxd2 Bc8 18. b4 Ng4 19. Bxg4 Bxg4 20. Ne2 Qc8
21. c5 bxc5 22. Bxc5 Bg5 23. Rd3 Qa6 24. f3 Be6 25. Ng3 g6 26. Qc3 Bd8 27. Rd1
Qa4 28. Rd2 Bb6 29. Nf1 Bxc5+ 30. Qxc5 Qxa3 31. Qxc6 Rc8 32. Qd6 Qc1 33. Rd1
Qc3 34. Rd3 Qc4 35. Rd2 Qb5 36. Ne3 Rb8 37. Nd5 Bxd5 38. Rxd5 Qxb4 39. Qxb4
Rxb4 40. Ra5 Rb7 41. Rxe5 a6 42. Ra5 Rb6 43. Kf2 Kg7 44. g3 Kf6 45. Ke3 Ke6 46.
f4 Kd6 47. g4 Ke6 48. e5 Kd7 49. h4 h6 50. h5 gxh5 51. gxh5 Ke6 52. Ke4 Rb4+
53. Kf3 Rb6 54. Ke4 Rb4+ 55. Kf3 Rb6 1/2-1/2

[Event "Liga Vasca 2009 - 1D"]
[Site "País Vasco ESP"]
[Date "2009.02.28"]
[Round "7.41"]
[White "Zulaika Centeno, Ander"]
[Black "Landa Ceballos, Jose Antonio"]
[Result "0-1"]
[WhiteElo "2052"]
[BlackElo "2070"]
[PlyCount "144"]
[EventDate "2009.01.10"]
[EventType "team"]
[EventRounds "9"]
[EventCountry "ESP"]
[Source "lmi"]
[SourceDate "2009.01.10"]
[WhiteTeam "España"]
[BlackTeam "España"]
[WhiteTeamCountry "ESP"]
[BlackTeamCountry "ESP"]

1. e4 g6 2. d4 Bg7 3. Nc3 d6 4. f4 Nf6 5. Nf3 c5 6. Bb5+ Bd7 7. e5 Ng4 8. e6
Bxb5 9. exf7+ Kd7 10. Nxb5 Qa5+ 11. Nc3 cxd4 12. Nxd4 Bxd4 13. Qxg4+ Qf5 14.
Qxf5+ gxf5 15. Ne2 Bb6 16. Ng3 e6 17. Bd2 Rf8 18. O-O-O Nc6 19. c4 Rxf7 20.
Rhe1 Bf2 21. Re2 Bxg3 22. hxg3 Rg8 23. Be1 Ne7 24. Bb4 Nc8 25. Re3 Kc7 26. Be1
Rg6 27. Rdd3 Kc6 28. b3 Rd7 29. Re2 Ne7 30. Rde3 Ng8 31. Rxe6 Nf6 32. R2e5 Ne4
33. Rxg6 hxg6 34. Re8 Rh7 35. Kb2 Rh2 36. Rc8+ Kd7 37. Rg8 Rxg2+ 38. Ka3 Rg1
39. Bb4 Rxg3 40. Ka4 g5 41. fxg5 Rxg5 42. Rf8 Ke7 43. Rb8 f4 44. Be1 Ke6 45.
Re8+ Kf5 46. b4 Rh5 47. c5 dxc5 48. bxc5 Nxc5+ 49. Kb5 Kg4 50. Kc4 Nd7 51. Rg8+
Rg5 52. Re8 f3 53. Re4+ Kh3 54. Rf4 Rg4 55. Rxg4 Kxg4 56. Kd3 Kh3 57. Ke3 Kg2
58. a4 Ne5 59. Kd4 Nc6+ 60. Kc5 f2 61. Bxf2 Kxf2 62. Kd6 a6 63. Kc5 Ke3 64. Kb6
Nd8 65. a5 Kd4 66. Kc7 Kc5 67. Kxd8 b5 68. axb6 Kxb6 69. Kd7 a5 70. Kd6 a4 71.
Kd5 a3 72. Kc4 a2 0-1

[Event "Liga Vasca 2009 - 1D"]
[Site "País Vasco ESP"]
[Date "2009.02.28"]
[Round "7.42"]
[White "Gomez Calvo, Jose Ricardo"]
[Black "Ladron De Guevara, Francisco Javier"]
[Result "0-1"]
[WhiteElo "1933"]
[BlackElo "2084"]
[PlyCount "72"]
[EventDate "2009.01.10"]
[EventType "team"]
[EventRounds "9"]
[EventCountry "ESP"]
[Source "lmi"]
[SourceDate "2009.01.10"]
[WhiteTeam "España"]
[BlackTeam "España"]
[WhiteTeamCountry "ESP"]
[BlackTeamCountry "ESP"]

1. e4 e5 2. d4 exd4 3. Qxd4 Nc6 4. Qe3 Nf6 5. Be2 Be7 6. Nc3 d5 7. Nxd5 Nxd5 8.
exd5 Qxd5 9. Bf3 Qd6 10. Bd2 Bf5 11. Be4 Qg6 12. Bxf5 Qxf5 13. O-O-O Qd5 14.
Qb3 Qxg2 15. Ne2 O-O-O 16. Nf4 Qe4 17. Rhe1 Qf5 18. Nd3 Bf6 19. Kb1 Nd4 20.
Qxf7 Nxc2 21. Qe6+ Qxe6 22. Rxe6 Rxd3 23. Kxc2 Rhd8 24. Re2 b6 25. b3 R8d5 26.
Rg1 Rh3 27. Bf4 Rc3+ 28. Kb1 Kb7 29. Rc2 Rdc5 30. Rxc3 Rxc3 31. Re1 a6 32. Re8
Kc6 33. Rf8 Kb5 34. Rf7 c6 35. Rb7 Bd4 36. Bd6 Rf3 0-1

[Event "Liga Vasca 2009 - 1D"]
[Site "País Vasco ESP"]
[Date "2009.02.28"]
[Round "7.43"]
[White "Juez Villar, Erik"]
[Black "Fernandez de Pinedo, Jose Angel"]
[Result "0-1"]
[WhiteElo "1968"]
[BlackElo "1966"]
[PlyCount "64"]
[EventDate "2009.01.10"]
[EventType "team"]
[EventRounds "9"]
[EventCountry "ESP"]
[Source "lmi"]
[SourceDate "2009.01.10"]
[WhiteTeam "España"]
[BlackTeam "España"]
[WhiteTeamCountry "ESP"]
[BlackTeamCountry "ESP"]

1. d4 e6 2. c4 Nf6 3. Nc3 Bb4 4. f3 c5 5. a3 Ba5 6. b4 cxb4 7. Nb5 bxa3+ 8. Kf2
Bb4 9. c5 O-O 10. e4 b6 11. Be3 bxc5 12. dxc5 Ba6 13. Nxa3 Qe7 14. Nc2 Bxf1 15.
Nxb4 Bb5 16. Ra5 a6 17. e5 Ne8 18. f4 Nc6 19. Nxc6 dxc6 20. h4 Rd8 21. Qf3 Nc7
22. h5 Rd3 23. Rxb5 cxb5 24. Qe4 Qd7 25. f5 exf5 26. Qf4 Nd5 27. Qg5 h6 28. Qh4
Nxe3 29. Nf3 Ng4+ 30. Ke2 Re3+ 31. Kf1 Qd1+ 32. Ne1 Qe2+ 0-1

[Event "Liga Vasca 2009 - 1D"]
[Site "País Vasco ESP"]
[Date "2009.02.28"]
[Round "7.44"]
[White "Arce Balluerca, Oscar"]
[Black "Lauroba Elizaran, Fermin"]
[Result "0-1"]
[WhiteElo "2037"]
[BlackElo "1932"]
[PlyCount "50"]
[EventDate "2009.01.10"]
[EventType "team"]
[EventRounds "9"]
[EventCountry "ESP"]
[Source "lmi"]
[SourceDate "2009.01.10"]
[WhiteTeam "España"]
[BlackTeam "España"]
[WhiteTeamCountry "ESP"]
[BlackTeamCountry "ESP"]

1. e4 d5 2. exd5 Nf6 3. Nf3 Nxd5 4. d4 Bf5 5. Bd3 Bxd3 6. Qxd3 e6 7. O-O Be7 8.
c4 Nb6 9. c5 Nd5 10. Qb5+ Nd7 11. Qxb7 O-O 12. Nc3 Rb8 13. Qxa7 Ra8 14. Qb7 Rb8
15. Qc6 Nb4 16. Qe4 Nf6 17. Qe2 Nfd5 18. Ne4 Re8 19. a3 Nc6 20. b4 f5 21. Ng3
Bf6 22. Bb2 Nf4 23. Qd2 g5 24. Rfd1 Qd5 25. Ne5 Qxg2# 0-1

[Event "Liga Vasca 2009 - 1D"]
[Site "País Vasco ESP"]
[Date "2009.02.28"]
[Round "7.51"]
[White "Nava Pereda, Carlos"]
[Black "Hamdouchi, Adina"]
[Result "0-1"]
[WhiteElo "2288"]
[BlackElo "2306"]
[PlyCount "78"]
[EventDate "2009.01.10"]
[EventType "team"]
[EventRounds "9"]
[EventCountry "ESP"]
[Source "lmi"]
[SourceDate "2009.01.10"]
[WhiteTeam "España"]
[BlackTeam "España"]
[WhiteTeamCountry "ESP"]
[BlackTeamCountry "ESP"]

1. c4 Nf6 2. Nc3 g6 3. e4 d6 4. d4 Bg7 5. f3 O-O 6. Be3 e5 7. d5 Nbd7 8. Nh3
Nh5 9. Qd2 f5 10. exf5 gxf5 11. Bg5 Nhf6 12. Nf2 Rf7 13. g4 Nf8 14. gxf5 Bxf5
15. O-O-O Qe8 16. Rg1 Ng6 17. Bd3 Bxd3 18. Nxd3 Nh5 19. Rdf1 a6 20. Bh6 Qf8 21.
Bxg7 Nxg7 22. Ne1 b5 23. c5 dxc5 24. Ne4 Rd8 25. Qh6 Rxd5 26. Rxg6 hxg6 27. Ng5
Qd8 28. Nc2 Qf6 29. Qh7+ Kf8 30. Qh8+ Ke7 31. Nxf7 Kxf7 32. Qc8 Ne8 33. f4 exf4
34. Ne3 Rd4 35. Ng4 Qe6 36. Nh6+ Ke7 37. Ng8+ Qxg8 38. Re1+ Kf6 39. Qxe8 Qc4+
0-1

[Event "Liga Vasca 2009 - 1D"]
[Site "País Vasco ESP"]
[Date "2009.02.28"]
[Round "7.52"]
[White "Martin Alvarez, Iñigo"]
[Black "Trigo Urquijo, Sergio"]
[Result "0-1"]
[WhiteElo "2232"]
[BlackElo "2203"]
[PlyCount "93"]
[EventDate "2009.01.10"]
[EventType "team"]
[EventRounds "9"]
[EventCountry "ESP"]
[Source "lmi"]
[SourceDate "2009.01.10"]
[WhiteTeam "España"]
[BlackTeam "España"]
[WhiteTeamCountry "ESP"]
[BlackTeamCountry "ESP"]

1. e4 e5 2. Nf3 Nc6 3. Bb5 a6 4. Bxc6 dxc6 5. Nc3 Qd6 6. d4 exd4 7. Nxd4 Bd7 8.
Be3 O-O-O 9. Qe2 Qg6 10. f3 Bb4 11. O-O Nf6 12. a3 Bd6 13. b4 Rde8 14. Rab1 Qh5
15. g3 g5 16. Qd3 Qh3 17. Rf2 h5 18. a4 h4 19. g4 Bxg4 20. b5 axb5 21. axb5 c5
22. Nb3 Bxf3 23. Ra1 b6 24. Bxg5 Rhg8 25. Qxf3 Rxg5+ 26. Kh1 Qxf3+ 27. Rxf3 Be5
28. Ra8+ Kd7 29. Rd3+ Ke7 30. Nd5+ Nxd5 31. Rxe8+ Kxe8 32. Rxd5 f6 33. Nd2 Rg4
34. Nf3 Rxe4 35. Nxe5 fxe5 36. Kg2 Ke7 37. Kf3 Rf4+ 38. Ke3 Ke6 39. Rd8 Rc4 40.
Rh8 Rc3+ 41. Ke4 Rxc2 42. Rh6+ Ke7 43. Kd5 Rd2+ 44. Kxe5 Rxh2 45. Rh7+ Ke8 46.
Kd5 Rd2+ 47. Kc6 0-1

[Event "Liga Vasca 2009 - 1D"]
[Site "País Vasco ESP"]
[Date "2009.02.28"]
[Round "7.53"]
[White "Wu Martin, Eneko"]
[Black "Galarza Cenzano, Iñigo"]
[Result "0-1"]
[WhiteElo "2058"]
[BlackElo "2036"]
[PlyCount "112"]
[EventDate "2009.01.10"]
[EventType "team"]
[EventRounds "9"]
[EventCountry "ESP"]
[Source "lmi"]
[SourceDate "2009.01.10"]
[WhiteTeam "España"]
[BlackTeam "España"]
[WhiteTeamCountry "ESP"]
[BlackTeamCountry "ESP"]

1. e4 c5 2. Nf3 Nc6 3. d4 cxd4 4. Nxd4 e5 5. Nb5 a6 6. Nd6+ Bxd6 7. Qxd6 Qf6 8.
Qd2 Qg6 9. f3 Nge7 10. Qg5 Qxg5 11. Bxg5 d5 12. Nc3 d4 13. Na4 Nb4 14. Nb6 Rb8
15. Kd2 Be6 16. a3 Nbc6 17. Bd3 Ng6 18. Ke1 O-O 19. g3 f6 20. Bd2 f5 21. exf5
Bxf5 22. Bc4+ Kh8 23. g4 Bc8 24. Bd5 Nf4 25. Be4 Be6 26. h4 Rbd8 27. b4 Nd5 28.
Na4 Ne3 29. Nc5 Bd5 30. Bxe3 Bxe4 31. fxe4 dxe3 32. Ne6 Nd4 33. Nxf8 Nxc2+ 34.
Ke2 Rd2+ 35. Kf3 Rf2+ 36. Kg3 Nxa1 37. Ng6+ hxg6 38. Rxa1 Rd2 39. Kf3 e2 40.
Re1 Rd3+ 41. Kxe2 Rxa3 42. Rb1 Rg3 43. g5 Rg4 44. Kf3 Rxh4 45. b5 Rh3+ 46. Ke2
a5 47. b6 a4 48. Rb4 a3 49. Ra4 a2 50. Ra8+ Kh7 51. Ra7 Kg8 52. Kd2 Rh1 53.
Rxb7 a1=Q 54. Rb8+ Kh7 55. b7 Qc1+ 56. Ke2 Rh2+ 0-1

[Event "Liga Vasca 2009 - 1D"]
[Site "País Vasco ESP"]
[Date "2009.02.28"]
[Round "7.54"]
[White "Salterain Gonzalez, Galder"]
[Black "Rodriguez Gonzalez, Alex"]
[Result "1/2-1/2"]
[WhiteElo "1984"]
[BlackElo "2039"]
[PlyCount "73"]
[EventDate "2009.01.10"]
[EventType "team"]
[EventRounds "9"]
[EventCountry "ESP"]
[Source "lmi"]
[SourceDate "2009.01.10"]
[WhiteTeam "España"]
[BlackTeam "España"]
[WhiteTeamCountry "ESP"]
[BlackTeamCountry "ESP"]

1. e4 g6 2. d4 c5 3. Nf3 Bg7 4. c3 d5 5. dxc5 Nd7 6. exd5 Nxc5 7. Bf4 Qb6 8.
Qe2 Bf5 9. Qb5+ Kd8 10. Qxb6+ axb6 11. Na3 Bxc3+ 12. bxc3 Rxa3 13. Ne5 Ke8 14.
Nc4 Ra4 15. Be3 Nb3 16. Nxb6 Ra3 17. Bb5+ Kf8 18. Rd1 Rxa2 19. Bc4 Bc2 20. Bxb3
Bxb3 21. Rc1 Nf6 22. Bd4 Rg8 23. O-O Nxd5 24. Nxd5 Bxd5 25. Ra1 Rxa1 26. Rxa1
f5 27. Ra8+ Kf7 28. Rxg8 Kxg8 29. f4 Kf7 30. Kf2 Ke6 31. g3 Be4 32. Bg7 Kd5 33.
Ke3 Kc4 34. Bd4 b5 35. Bg7 h6 36. h4 h5 37. Be5 1/2-1/2

[Event "Liga Vasca 2009 - 1D"]
[Site "País Vasco ESP"]
[Date "2009.03.07"]
[Round "8.12"]
[White "Gomez Calvo, Jose Ricardo"]
[Black "Hamdouchi, Adina"]
[Result "0-1"]
[WhiteElo "1933"]
[BlackElo "2306"]
[PlyCount "40"]
[EventDate "2009.01.10"]
[EventType "team"]
[EventRounds "9"]
[EventCountry "ESP"]
[Source "lmi"]
[SourceDate "2009.01.10"]
[WhiteTeam "España"]
[BlackTeam "España"]
[WhiteTeamCountry "ESP"]
[BlackTeamCountry "ESP"]

1. d4 g6 2. c4 Nf6 3. Nc3 Bg7 4. e4 O-O 5. Be2 d6 6. Be3 e5 7. d5 c6 8. g4 Qa5
9. Bf3 cxd5 10. cxd5 Na6 11. g5 Ne8 12. h4 f5 13. gxf6 Nxf6 14. h5 gxh5 15. Qe2
Bd7 16. Bd2 b5 17. Bxh5 b4 18. Nd1 Nc5 19. f3 Bb5 20. Qh2 Nd3+ 0-1

[Event "Liga Vasca 2009 - 1D"]
[Site "País Vasco ESP"]
[Date "2009.03.07"]
[Round "8.13"]
[White "Martin Alvarez, Iñigo"]
[Black "Fernandez de Pinedo, Jose Angel"]
[Result "0-1"]
[WhiteElo "2232"]
[BlackElo "1966"]
[PlyCount "64"]
[EventDate "2009.01.10"]
[EventType "team"]
[EventRounds "9"]
[EventCountry "ESP"]
[Source "lmi"]
[SourceDate "2009.01.10"]
[WhiteTeam "España"]
[BlackTeam "España"]
[WhiteTeamCountry "ESP"]
[BlackTeamCountry "ESP"]

1. e4 c5 2. Nf3 d6 3. d4 cxd4 4. Nxd4 Nf6 5. Nc3 a6 6. Be3 e5 7. Nf3 Be7 8. Bc4
O-O 9. O-O Nbd7 10. Qe2 b5 11. Bd5 Nxd5 12. Nxd5 Bb7 13. Rfd1 Bxd5 14. exd5 f5
15. a4 b4 16. a5 f4 17. Bd2 Qe8 18. Bxb4 Qg6 19. Re1 Rf5 20. Ra3 Rh5 21. Qd3
Qh6 22. h3 Nf6 23. Nxe5 dxe5 24. Bxe7 e4 25. Qc4 f3 26. d6+ Kh8 27. Qe6 Rg5 28.
Bxf6 Rxg2+ 29. Kh1 gxf6 30. Qf5 Rag8 31. d7 Qg7 32. Raa1 Rh2+ 0-1

[Event "Liga Vasca 2009 - 1D"]
[Site "País Vasco ESP"]
[Date "2009.03.07"]
[Round "8.14"]
[White "Arce Balluerca, Oscar"]
[Black "Galarza Cenzano, Iñigo"]
[Result "1/2-1/2"]
[WhiteElo "2037"]
[BlackElo "2036"]
[PlyCount "122"]
[EventDate "2009.01.10"]
[EventType "team"]
[EventRounds "9"]
[EventCountry "ESP"]
[Source "lmi"]
[SourceDate "2009.01.10"]
[WhiteTeam "España"]
[BlackTeam "España"]
[WhiteTeamCountry "ESP"]
[BlackTeamCountry "ESP"]

1. e4 c5 2. c3 d5 3. exd5 Qxd5 4. d4 cxd4 5. cxd4 e5 6. Nf3 exd4 7. Qxd4 Qxd4
8. Nxd4 Bb4+ 9. Bd2 Bxd2+ 10. Nxd2 Nf6 11. Be2 O-O 12. O-O Rd8 13. N2b3 a5 14.
Rfd1 a4 15. Nb5 Bd7 16. Nc5 Na6 17. Nxb7 Rdc8 18. Rac1 Nb4 19. a3 Nbd5 20. N5d6
Rxc1 21. Rxc1 Kf8 22. Nc5 Ke7 23. Nc4 Bb5 24. Nb6 Nxb6 25. Bxb5 Nfd5 26. Kf1
Rc8 27. Nd3 Ra8 28. Ke2 Ra5 29. Bc4 Kd6 30. Rc2 f6 31. Ba2 Rb5 32. Rd2 Kc7 33.
Kf3 g6 34. Ke4 Kd6 35. Nb4 f5+ 36. Kf3 Ke5 37. g3 Nxb4 38. axb4 Rxb4 39. Bg8 h6
40. Re2+ Kf6 41. Rc2 g5 42. Ke3 f4+ 43. Kd3 fxg3 44. fxg3 Nd7 45. Kc3 Rb6 46.
Rf2+ Kg7 47. Rf7+ Kxg8 48. Rxd7 Rb3+ 49. Kc2 Rf3 50. Ra7 Rf2+ 51. Kc3 Rf3+ 52.
Kc2 Rf2+ 53. Kb1 Rxh2 54. Rxa4 Rg2 55. Ra3 h5 56. b4 h4 57. gxh4 gxh4 58. b5
Rg3 59. Ra4 h3 60. Kc2 h2 61. Rh4 Rg5 1/2-1/2

[Event "Liga Vasca 2009 - 1D"]
[Site "País Vasco ESP"]
[Date "2009.03.07"]
[Round "8.21"]
[White "Flear, Glenn C"]
[Black "Landa Ceballos, Jose Antonio"]
[Result "1-0"]
[WhiteElo "2478"]
[BlackElo "2070"]
[PlyCount "65"]
[EventDate "2009.01.10"]
[EventType "team"]
[EventRounds "9"]
[EventCountry "ESP"]
[Source "lmi"]
[SourceDate "2009.01.10"]
[WhiteTeam "España"]
[BlackTeam "España"]
[WhiteTeamCountry "ESP"]
[BlackTeamCountry "ESP"]

1. d4 g6 2. e4 Bg7 3. c4 d6 4. Nc3 Nc6 5. Be3 e5 6. d5 Nce7 7. g4 f5 8. gxf5
gxf5 9. Qh5+ Kf8 10. Bh3 Nf6 11. Qf3 f4 12. Bd2 a6 13. a4 c5 14. Bxc8 Qxc8 15.
a5 Qg4 16. Qxg4 Nxg4 17. Nf3 Bh6 18. Ke2 Nf6 19. Rhb1 Kf7 20. b4 Rhc8 21. Kd3
cxb4 22. Rxb4 Rc7 23. Rab1 Rac8 24. Rxb7 Rxc4 25. R1b6 Ng4 26. Rxd6 Rxc3+ 27.
Bxc3 Nxf2+ 28. Ke2 Nxe4 29. Bxe5 Nxd6 30. Bxd6 Bf8 31. Bxe7 Bxe7 32. d6 Re8 33.
Ng5+ 1-0

[Event "Liga Vasca 2009 - 1D"]
[Site "País Vasco ESP"]
[Date "2009.03.07"]
[Round "8.22"]
[White "Jimenez Martin, Gustavo"]
[Black "Ladron De Guevara, Francisco Javier"]
[Result "1-0"]
[WhiteElo "2175"]
[BlackElo "2084"]
[PlyCount "77"]
[EventDate "2009.01.10"]
[EventType "team"]
[EventRounds "9"]
[EventCountry "ESP"]
[Source "lmi"]
[SourceDate "2009.01.10"]
[WhiteTeam "España"]
[BlackTeam "España"]
[WhiteTeamCountry "ESP"]
[BlackTeamCountry "ESP"]

1. d4 d5 2. Nc3 Nf6 3. Bg5 Nbd7 4. Qd3 c6 5. e4 dxe4 6. Nxe4 Qb6 7. b3 h6 8.
Nxf6+ Nxf6 9. Bxf6 exf6 10. Qe3+ Be6 11. Bc4 Qb4+ 12. c3 Qe7 13. Bxe6 fxe6 14.
Nf3 O-O-O 15. O-O Qd7 16. Rfe1 Re8 17. a4 Bd6 18. b4 Bb8 19. c4 g5 20. b5 g4
21. Nd2 Qd6 22. g3 f5 23. Nb3 h5 24. Nc5 e5 25. bxc6 Qxc6 26. d5 Qd6 27. Rab1
Rh7 28. Ne6 h4 29. Qg5 hxg3 30. fxg3 Rf7 31. Rf1 a6 32. Rxf5 Ba7+ 33. Kh1 Rh7
34. Qxg4 Qa3 35. Rf8 Rhe7 36. Rxe8+ Rxe8 37. Ng7+ Kd8 38. Nxe8 Kxe8 39. Qc8+
1-0

[Event "Liga Vasca 2009 - 1D"]
[Site "País Vasco ESP"]
[Date "2009.03.07"]
[Round "8.23"]
[White "Juez Villar, Erik"]
[Black "Mombiela Martinez, Gonzalo"]
[Result "0-1"]
[WhiteElo "1968"]
[BlackElo "2081"]
[PlyCount "87"]
[EventDate "2009.01.10"]
[EventType "team"]
[EventRounds "9"]
[EventCountry "ESP"]
[Source "lmi"]
[SourceDate "2009.01.10"]
[WhiteTeam "España"]
[BlackTeam "España"]
[WhiteTeamCountry "ESP"]
[BlackTeamCountry "ESP"]

1. d4 Nf6 2. c4 c5 3. d5 b5 4. cxb5 a6 5. b6 Qxb6 6. Nc3 d6 7. e4 g6 8. Be2 Bg7
9. Nf3 O-O 10. O-O Bg4 11. Nd2 Bxe2 12. Qxe2 Nbd7 13. a4 Qc7 14. Nc4 Nb6 15.
Ne3 Nbd7 16. a5 h5 17. h3 Qb7 18. Nc4 Ne8 19. f4 Nc7 20. e5 dxe5 21. f5 Nxd5
22. Nxd5 Qxd5 23. Rd1 Qc6 24. fxg6 fxg6 25. Rxd7 Qxd7 26. Nb6 Qe6 27. Nxa8 Rxa8
28. Qe4 Rb8 29. Be3 Rb5 30. Rc1 Rxa5 31. Bxc5 Rb5 32. b4 Rb8 33. Ra1 Kh7 34.
Qe2 Ra8 35. Qe4 Rc8 36. Qe2 Rc6 37. Qe4 Bf6 38. Ra4 Bg7 39. Kh2 Bh6 40. Bxe7
Rc4 41. Qe2 h4 42. Bxh4 Rxh4 43. Rxa6 Bf4+ 44. Kh1 0-1

[Event "Liga Vasca 2009 - 1D"]
[Site "País Vasco ESP"]
[Date "2009.03.07"]
[Round "8.24"]
[White "Monje Peinado, Roberto"]
[Black "Lauroba Elizaran, Fermin"]
[Result "1/2-1/2"]
[WhiteElo "2020"]
[BlackElo "1932"]
[PlyCount "94"]
[EventDate "2009.01.10"]
[EventType "team"]
[EventRounds "9"]
[EventCountry "ESP"]
[Source "lmi"]
[SourceDate "2009.01.10"]
[WhiteTeam "España"]
[BlackTeam "España"]
[WhiteTeamCountry "ESP"]
[BlackTeamCountry "ESP"]

1. d4 d5 2. c4 c6 3. Nf3 Nf6 4. Nc3 e6 5. Qc2 Be7 6. g3 O-O 7. Bg2 Nbd7 8. O-O
b6 9. b3 Bb7 10. e4 dxe4 11. Nxe4 Nxe4 12. Qxe4 Re8 13. Rd1 Qc7 14. Bf4 Bd6 15.
Bxd6 Qxd6 16. c5 bxc5 17. dxc5 Qe7 18. b4 Nf6 19. Qe1 Nd5 20. Ne5 a5 21. a3
axb4 22. axb4 Rxa1 23. Rxa1 Ra8 24. Rxa8+ Bxa8 25. Qa1 Qe8 26. Qa5 f6 27. Nc4
Qb8 28. Nb6 Bb7 29. Nc4 Qa8 30. Bxd5 exd5 31. Qxa8+ Bxa8 32. Nd6 Kf8 33. f4 g6
34. g4 Ke7 35. Kf2 Ke6 36. Ke3 g5 37. Kf3 h6 38. Nf5 h5 39. Nd4+ Kf7 40. gxh5
Bb7 41. Kg4 Bc8+ 42. f5 Bd7 43. h4 gxh4 44. Kxh4 Kg7 45. Kg4 Kh6 46. Ne6 Be8
47. Kf4 Bd7 1/2-1/2

[Event "Liga Vasca 2009 - 1D"]
[Site "País Vasco ESP"]
[Date "2009.03.07"]
[Round "8.31"]
[White "Zulaika Centeno, Ander"]
[Black "Navarrete Delgado, Sergio"]
[Result "0-1"]
[WhiteElo "2052"]
[BlackElo "2217"]
[PlyCount "74"]
[EventDate "2009.01.10"]
[EventType "team"]
[EventRounds "9"]
[EventCountry "ESP"]
[Source "lmi"]
[SourceDate "2009.01.10"]
[WhiteTeam "España"]
[BlackTeam "España"]
[WhiteTeamCountry "ESP"]
[BlackTeamCountry "ESP"]

1. e4 d5 2. exd5 Nf6 3. d4 Bg4 4. f3 Bf5 5. Bb5+ Nbd7 6. Nc3 a6 7. Bd3 Bxd3 8.
Qxd3 Nb6 9. Nge2 Nfxd5 10. Bg5 Qd7 11. Ne4 e6 12. a3 Qc6 13. O-O f6 14. Bh4
O-O-O 15. b3 Kb8 16. c4 Ne7 17. Rfc1 g5 18. Bf2 f5 19. Nxg5 Rg8 20. Nf7 Rc8 21.
Ne5 Qe8 22. f4 Nc6 23. Nxc6+ Qxc6 24. g3 h5 25. h4 Be7 26. Kh2 Bxh4 27. d5 exd5
28. gxh4 dxc4 29. Qh3 Qe4 30. Ng3 Qxf4 31. Rf1 Qd6 32. bxc4 Nxc4 33. Rac1 Nd2
34. Rh1 Qf4 35. Qxf5 Nf3+ 36. Kh3 Rxg3+ 37. Bxg3 Qxf5+ 0-1

[Event "Liga Vasca 2009 - 1D"]
[Site "País Vasco ESP"]
[Date "2009.03.07"]
[Round "8.51"]
[White "Miguel Quintero, Francisco"]
[Black "Galzagorri Uli, Yeray"]
[Result "1/2-1/2"]
[WhiteElo "2274"]
[BlackElo "2244"]
[PlyCount "33"]
[EventDate "2009.01.10"]
[EventType "team"]
[EventRounds "9"]
[EventCountry "ESP"]
[Source "lmi"]
[SourceDate "2009.01.10"]
[WhiteTeam "España"]
[BlackTeam "España"]
[WhiteTeamCountry "ESP"]
[BlackTeamCountry "ESP"]

1. e4 c5 2. Nf3 e6 3. d4 cxd4 4. Nxd4 a6 5. c4 Nf6 6. Nc3 Bb4 7. Bd3 Nc6 8. Bc2
Ne5 9. O-O Nxc4 10. Qe2 b5 11. a4 Qb6 12. Rd1 Bxc3 13. bxc3 Bb7 14. Rb1 Qc5 15.
axb5 O-O 16. Nb3 Qc7 17. b6 1/2-1/2